La relación institucional del presidente y la judicatura en el período 1920-1973 : crisis y estabilidad /

La historia institucional de Chile presenta una multiplicidad de modalidades de acción, de interrelación y procesos de crisis entre los distintos actores del quehacer nacional. Presidente y Judicatura conviven con un sinnúmero de actores institucionales, desde los partidos políticos, que configuran...

Full description

Bibliographic Details
Main Author: Cerón, Roberto
Other Authors: Peroti, Felipe
Format: Analitica de revista
Language:Spanish
Published: Santiago, Chile Universidad de Chile, Facultad de Derecho 2009

MARC

LEADER 00000cab a2200000 a 4500
001 030091
003 UAHC_CL
005 20170803123152.0
008 091228s2009 cl f 000 spa
040 |a UAHC_CL  |c UAHC_CL  |d UAHC_CL 
100 1 |a Cerón, Roberto 
245 1 3 |a La relación institucional del presidente y la judicatura en el período 1920-1973 :  |b crisis y estabilidad /  |c Roberto Cerón, Felipe Peroti. 
260 |b Universidad de Chile, Facultad de Derecho  |c 2009  |a Santiago, Chile 
300 |a p. 137-155 
500 |a En: Revista Derecho y Humanidades, no. 15, 2009. pp. 137-155. ISSN: 0716-9825. 
520 |a La historia institucional de Chile presenta una multiplicidad de modalidades de acción, de interrelación y procesos de crisis entre los distintos actores del quehacer nacional. Presidente y Judicatura conviven con un sinnúmero de actores institucionales, desde los partidos políticos, que configuran el parlamento; las fuerzas armadas y la sociedad civil. 
520 |a La historia institucional de Chile presenta una multiplicidad de modalidades de acción, de interrelación y procesos de crisis entre los distintos actores del quehacer nacional. Presidente y Judicatura conviven con un sinnúmero de actores institucionales, desde los partidos políticos, que configuran el parlamento; las fuerzas armadas y la sociedad civil. 
520 |a La historia institucional de Chile presenta una multiplicidad de modalidades de acciÛn, de interrelaciÛn y procesos de crisis entre los distintos actores del quehacer nacional. Presidente y Judicatura conviven con un sinnúmero de actores institucionales, desde los partidos polÌticos, que configuran el parlamento; las fuerzas armadas y la sociedad civil. 
700 1 |a Peroti, Felipe 
759 |a PP144 
773 0 |t Revista derecho y humanidades  |w 030081 
900 |a DERECHO HUMANIDAD.-15/09 
942 |c REVA 
952 |0 0  |1 0  |4 0  |6 DERECHO_HUMANIDAD_15_09_000000000000000  |7 0  |8 General  |9 58905  |a BC  |b BC  |c General  |d 2017-08-03  |l 0  |o DERECHO HUMANIDAD.-15/09  |p FICTICIO2124  |r 2019-01-08 00:00:00  |t 1  |w 2017-08-03  |y REVA 
999 |c 30091  |d 30091